000
00205 a2200097 4500
001
3451
100
_a
Feis, H
245
_a
Toreign Aid & t policy
260
_a
_b
Macmillan
_c
090
_c
2717
_d
2717
942
_a
NUST-CAE
_c
M
_c
19080
999
_c
238524
_d
238524